000 00595nam a2200241Ia 4500
005 20251020182514.0
008 200515s9999 xx 000 0 und d
020 _a958-600-293-4
082 _a658.31/H22/4
100 _aHarrington, H. J.
245 0 _aMejoramiento de los procesos de la empresa
260 _aSanta Fé de Bogotá, D.C.
260 _bMcGraw-Hill
260 _c1994
300 _a309
300 _btbls.
490 _aSerie McGraw-Hill de calidad total
500 _a1 ejemplar
650 _aCALIDAD TOTAL
650 _aEMPRESAS
942 _cLIB
999 _c1533
_d1533